000 00259nam a2200133Ia 4500
100 _aMoore
942 _cBK
654 _acontrol
245 _aProduction Control
260 _bMcGraw Hill
_c2001
082 _a658.5
_bMOO
546 _aENGLISH
999 _c27330
_d27330